|
|
|
|
| LEADER |
01187pam a2200301 a 4500 |
| 001 |
1411 |
| 003 |
BD-DhAAL |
| 005 |
20150519102223.0 |
| 008 |
150519s1989 nyua b 001 0 eng |
| 010 |
|
|
|a 88013219
|
| 020 |
|
|
|a 007022773X :
|c $24.95
|
| 040 |
|
|
|a DLC
|c DLC
|d DLC
|d BD-DhAAL
|
| 050 |
0 |
0 |
|a P90
|b .G298 1989
|
| 082 |
0 |
0 |
|a 001.51
|2 19
|
| 100 |
1 |
|
|a Gamble, Michael,
|d 1943-
|9 11180
|
| 245 |
1 |
0 |
|a Introducing mass communication /
|c Michael W. Gamble, Teri Kwal Gamble.
|
| 250 |
|
|
|a 2nd ed.
|
| 260 |
|
|
|a New York :
|b McGraw-Hill,
|c c1989.
|
| 300 |
|
|
|a xvi, 549 p. :
|b ill. ;
|c 24 cm.
|
| 490 |
|
|
|a McGraw-Hill series in mass communication
|
| 504 |
|
|
|a Includes bibliographies and index.
|
| 541 |
|
|
|e 1411
|
| 650 |
|
0 |
|a Mass media.
|9 11181
|
| 700 |
1 |
|
|a Gamble, Teri Kwal.
|9 11182
|
| 942 |
|
|
|2 ddc
|c BK
|
| 999 |
|
|
|c 34453
|d 34453
|
| 952 |
|
|
|0 0
|1 0
|2 ddc
|4 0
|6 001_510000000000000_GAM
|7 0
|9 53783
|a SCL
|b SCL
|c GEN
|d 2015-05-19
|e Gift: The Asia Foundation
|l 0
|o 001.51 GAM
|p 3020001411
|r 2015-05-19
|t 1
|w 2015-05-19
|y BK
|
| 952 |
|
|
|0 0
|1 0
|2 ddc
|4 0
|6 001_510000000000000_GAM
|7 0
|9 53785
|a SCL
|b SCL
|c GEN
|d 2015-05-19
|e Gift: The Asia Foundation
|l 1
|o 001.51 GAM
|p 3020001410
|r 2022-03-31
|s 2022-03-20
|t 2
|w 2015-05-19
|y BK
|